000 01927nam2a22003131 4500
001 rc\4746977
005 20130417093423.3
021 _aRU
_bРг2573-77
021 _aRU
_b76-93991
035 _a(NLR Aleph) 009007912
090 _a9348794
_c9348794
100 _a20130417d1976 |||y0rusy50 ca
101 0 _arus
102 _aRU
105 _ay z |||||
200 1 _aПшеницы с высоким и повышенным содержанием белка в зерне
_f[Сост.: чл.-кор. ВАСХНИЛ, проф. В.Г. Конарев, к. б. н. З.В. Чмелева, д. с.-х. н. проф. В.Ф. Дорофеев] [и др.]
210 _d1976
215 _a26 с.
300 _aОбщ. загл. вып. 182: Каталог мировой коллекции ВИР
461 0 _1001rc\4746805
_12001#$aКаталог-справочник мировой коллекции ВИР$eВып. 1-$fВсесоюз. ордена Ленина акад. с.-х. наук им. В.И. Ленина. Всесоюз. науч.-исслед. ин-т растениеводства$vВып. 182
_99347765
_aВсероссийский институт генетических ресурсов растений им. Н. И. Вавилова (Санкт-Петербург)
_cЛенинград
_d1961-
_fВсесоюз. ордена Ленина акад. с.-х. наук им. В.И. Ленина. Всесоюз. науч.-исслед. ин-т растениеводства
_nБ. и.
_oВып. 1-
_tКаталог-справочник мировой коллекции ВИР
_vВып. 182
517 0 _aКаталог мировой коллекции ВИР
702 1 _aЧмелева
_bЗ. В.
_4220
702 1 _aДорофеев
_bВ. Ф.
_4220
702 1 _aКонарев
_bВ. Г.
_4220
801 0 _aRU
_bNLR
_gpsbo
801 1 _aRU
_bELAR
_2rusmarc
852 _aNLR
_j62-4/1144
942 _cBOOK
980 _aNB